• 首页
  • 本馆介绍
  • 公告通知
  • 最新文献
  • 馆藏检索
  • 电子资源
  • 读者导购
  • 参考咨询
  • 我的图书馆
  • 登录
  • 详细信息显示
  • 放入我的书架
  • 预约/预借图书
  • 作者相关作品
  • 分类相关作品
  • 丛书相关作品
  • 出版社相关作品

书目信息

  • 表格格式
  • 工作单格式
  • 卡片格式
题名:
资源就是生产力
    
 
作者: 斯密特-布勒克 著 ;程一恒 译
分册:  
出版信息: 北京   化学工业出版社  2009
页数: 164页
开本: 24cm
丛书名: 节能减排丛书
单 册:
中图分类: X24
科图分类:
主题词: 人类活动影响--生态环境--研究 , 人类活动影响 , 生态环境
电子资源:
ISBN: 978-7-122-04177-7
000 01246oam2 2200301 45
005 20100303144253.07
010    @a978-7-122-04177-7@dCNY39.00
100    @a20100121d2009 ekmy0chiy0120 ea
101 1  @achi@cger
102    @aCN@b110000
105    @aa z 000yy
106    @ar
200 1  @a资源就是生产力@AZi Yuan Jiu Shi Sheng Chan Li@dNutzen wir die Erde richtig?@f(德)菲德烈·斯密特-布列克(Friedrich Schmidt-Bleek)著@F( De ) Fei De Lie· Si Mi Te- Bu Lie Ke (Friedrich Schmidt-Bleek) Zhu@g程一恒译@zeng
210    @a北京@c化学工业出版社@d2009
215    @a164页@c图@d24cm
225 2  @a节能减排丛书
306    @aS. Fischer Verlag GmbH授权出版
330    @a本书讨论了人类活动与自然界、生物圈、环境的依存关系,从维系发展角度提出了人类活动“去物质化”的思路,提出了“按照现在这种生活方式消耗自然资源,2050年世界上将没有资源可用”的警示。
461  0 @12001 @a节能减排丛书
510 1  @aNutzen wir die Erde richtig ?@zeng
606 0  @a人类活动影响@x生态环境@x研究
606 0  @a人类活动影响
606 0  @a生态环境
690    @aX24@v4
701  1 @a斯密特-布勒克@ASi Mi Te - Bu Le Ke@g(Schmidt-Bleek, Friedrich)@4著
702  0 @a程一恒@ACheng Yi Heng@4译
801  0 @aCN@bTANGWEI@c20100303
905    @b0585248-52@dX24@e154@f5
    
    资源就是生产力=Nutzen wir die Erde richtig?/(德)菲德烈·斯密特-布列克(Friedrich Schmidt-Bleek)著/程一恒译.-北京:化学工业出版社,2009
    164页:图;24cm.-(节能减排丛书)
    
    
    ISBN 978-7-122-04177-7:CNY39.00
    本书讨论了人类活动与自然界、生物圈、环境的依存关系,从维系发展角度提出了人类活动“去物质化”的思路,提出了“按照现在这种生活方式消耗自然资源,2050年世界上将没有资源可用”的警示。
●
相关链接 在E读中查询图书 在五车中查询图书 在当当中查询图书 在豆瓣中查询图书


正题名:资源就是生产力     索取号:X24/154         预约/预借

序号 登录号 条形码 馆藏地/架位号 状态 备注
1 0585248   205852488   第二样本阅览室/ [索取号:X24/154] 在馆    
2 0585249   205852497   第三借阅区/ [索取号:X24/154] 在馆    
3 0585250   205852503   第三借阅区/ [索取号:X24/154] 在馆    
4 0585251   205852512   第三借阅区/ [索取号:X24/154] 在馆    
5 0585252   205852521   第三借阅区/ [索取号:X24/154] 在馆    
唐山师范学院图书馆 欢迎您!
大连网信软件有限公司© 版权所有